| 000 | 01771pam a2200397 a 4500 | ||
|---|---|---|---|
| 001 | 1541939 | ||
| 003 | OSt | ||
| 005 | 20140310184355.0 | ||
| 008 | 910313r19911948nyua j 000 1 eng | ||
| 010 | _a 91013474 | ||
| 020 |
_a0590453165 _c$3.95 ($4.95 Can.) |
||
| 040 |
_aDLC _cDLC _dDLC |
||
| 042 | _alcac | ||
| 050 | 0 | 0 |
_aPZ 10.3 _b.H43Ki 1976 |
| 100 | 1 |
_aHenry, Marguerite, _d1902-1997. _925490 |
|
| 245 | 1 | 0 |
_aKing of the wind / _cMarguerite Henry ; illustrated by Wesley Dennis. |
| 250 | _a1st Aladdin Books ed. | ||
| 260 |
_aNew York : _bScholastic Inc., _c1976 |
||
| 300 |
_a195 p. : _bill. ; _c20 cm. |
||
| 504 | _aIncludes bibliographical references (p. [3], 2nd group). | ||
| 520 | _aSham and the stable boy Agba travel from Morocco to France to England where, at last, Sham's majesty is recognized and he becomes the "Godolphin Arabian," ancestor of the most superior Thoroughbred horses. | ||
| 521 | _aG10 | ||
| 526 | _c830 | ||
| 586 | _aNewbery Medal, 1949 | ||
| 650 | 0 |
_aArabian horse _xJuvenile fiction. _925491 |
|
| 650 | 1 |
_aArabian horse _vFiction. _925492 |
|
| 650 | 1 |
_aHorses _xFiction. _925493 |
|
| 651 | 1 |
_aEngland _vFiction. _925494 |
|
| 700 | 1 |
_aDennis, Wesley, _eill. _925495 |
|
| 856 | 4 | 2 |
_3Contributor biographical information _uhttp://www.loc.gov/catdir/bios/simon051/91013474.html |
| 856 | 4 | 2 |
_3Publisher description _uhttp://www.loc.gov/catdir/description/simon031/91013474.html |
| 856 | 4 | 1 |
_3Sample text _uhttp://www.loc.gov/catdir/enhancements/fy0641/91013474-s.html |
| 906 |
_a7 _bcbc _corignew _d1 _eocip _f19 _gy-gencatlg |
||
| 942 |
_2lcc _cBK-SCHOLAS |
||
| 999 |
_c33997 _d33997 |
||